Carlos Maside / (Record no. 10742)

MARC details
000 -LEADER
campo de control de longitud fija 01177nam a22003255i 4500
001 - NÚMERO DE CONTROL
campo de control 10742
003 - IDENTIFICADOR DE NÚMERO DE CONTROL
campo de control ES-MaACL
005 - FECHA Y HORA DE LA ÚLTIMA TRANSACCIÓN
campo de control 20230906145941.0
007 - CAMPO FIJO DE DESCRIPCIÓN FÍSICA--INFORMACIÓN GENERAL
campo de control de longitud fija t|
008 - DATOS DE LONGITUD FIJA--INFORMACIÓN GENERAL
campo de control de longitud fija 941128s1993 sp ||||0| spa j
020 ## - NÚMERO INTERNACIONAL ESTÁNDAR DEL LIBRO
Número Internacional Estándar del Libro 84-86040-77-9
040 ## - FUENTE DE CATALOGACIÓN
Centro catalogador/agencia de origen M-BN
Lengua de catalogación spa
Centro/agencia transcriptor M-BN
080 ## - NÚMERO DE LA CLASIFICACIÓN DECIMAL UNIVERSAL
Número de la Clasificación Decimal Universal 75 Maside, Carlos
080 ## - NÚMERO DE LA CLASIFICACIÓN DECIMAL UNIVERSAL
Número de la Clasificación Decimal Universal 929 Maside, Carlos
100 1# - ENTRADA PRINCIPAL--NOMBRE DE PERSONA
Nombre de persona Rodríguez Losada, María Esther.
9 (RLIN) 98624
245 10 - MENCIÓN DEL TÍTULO
Título Carlos Maside /
Mención de responsabilidad, etc. Mª Esther Rodríguez Losada ; [traduccións, María de la O Fernández Estévez, José Manuel Pichel Lorenzo, Xan Vila].
260 ## - PUBLICACIÓN, DISTRIBUCIÓN, ETC.
Lugar de publicación, distribución, etc. A Coruña :
Nombre del editor, distribuidor, etc. Deputación Provincial,
Fecha de publicación, distribución, etc. [1993]
300 ## - DESCRIPCIÓN FÍSICA
Extensión XVI, 276 p :
Otras características físicas il. col. y n ;
Dimensiones 30 cm.
490 1# - MENCIÓN DE SERIE
Mención de serie Grandes pintores ;
Designación de volumen o secuencia 2
500 ## - NOTA GENERAL
Nota general Indice.
500 ## - NOTA GENERAL
Nota general Resumen en español, inglés, francés y alemán.
504 ## - NOTA DE BIBLIOGRAFÍA, ETC.
Nota de bibliografía, etc. Bibliografía: p. 255-256.
600 14 - PUNTO DE ACCESO ADICIONAL DE MATERIA--NOMBRE DE PERSONA
Nombre de persona Maside, Carlos.
9 (RLIN) 78719
700 1# - ENTRADA AGREGADA--NOMBRE PERSONAL
Nombre de persona Maside, Carlos.
9 (RLIN) 78719
710 1# - ENTRADA AGREGADA--NOMBRE DE ENTIDAD CORPORATIVA
Nombre de entidad corporativa o nombre de jurisdicción como elemento de entrada La Coruña (Provincia).
Unidad subordinada Diputación Provincial.
9 (RLIN) 5455
830 0# - PUNTO DE ACCESO ADICIONAL DE SERIE-TÍTULO UNIFORME
Título uniforme Grandes pintores ;
Designación de volumen o secuencia 2
9 (RLIN) 228138
852 ## - LOCALIZACIÓN
Ubicación ES-MaACL
Número de control de estantería L-18060
Sublocalización o colección R.122876
condición física . - Ded. autógr. de la autora
Holdings
Estatus retirado Estado de pérdida Estado de daño No para préstamo Biblioteca de origen Biblioteca actual Ubicación en estantería Fecha de adquisición Fuente de adquisición Total de préstamos Signatura topográfica completa Código de barras Visto por última vez Precio de reemplazo Tipo de ítem Koha
        Biblioteca del Ateneo de Madrid Biblioteca del Ateneo de Madrid Depósito 2 17/01/2008     L-18060 1010958 23/02/2023 23/02/2023 Libro impreso